000
00262nam a2200121Ia 4500
100
_a
Giachino/J.W.
942
_c
BK
654
_a
Welding
245
_a
Welding Skills & Practices
260
_b
Taraporevala Sons & Co
_c
2001
300
_a
342
546
_a
ENGLISH
999
_c
23214
_d
23214